Príprava 4-brómizoxazolidín-5-olov a ich použitie v reakciách s alkoholátmi diplomová práca

Gespeichert in:
Bibliographische Detailangaben
1. Verfasser: Rolíncová, Viera
Format: Buch
Sprache:Slowakisch
Veröffentlicht: Bratislava STU FCHPT 2016
Online-Zugang:Im OPAC anzeigen
Tags: Tag hinzufügen
Keine Tags, Fügen Sie das erste Tag hinzu!

MARC

LEADER 00000nam a2200000 a 4500
005 20260127134306.0
008 160712 2016 000 0 slo d
035 |a vtls011566255 
039 9 |y 201607121015  |z mschk03 
040 |a STUSCHK1  |b slo  |c STUSCHK1  |e AACR2 
100 1 |a Rolíncová, Viera 
245 1 |a Príprava 4-brómizoxazolidín-5-olov a ich použitie v reakciách s alkoholátmi  |b diplomová práca  |c Viera Rolíncová 
260 |a Bratislava  |b STU FCHPT  |c 2016 
300 |a 76 s.  |b il.  |c 25 cm 
500 |a Študijný program: technická chémia 
500 |a Študijný odbor: chémia, chemické technológie 
500 |a Školiace pracovisko: Oddelenie organickej chémie 
500 |a Evid. číslo: FCHPT-104542-42879 
910 |a SCHK95 
999 |c 8961  |d 8961